书目信息 |
| 题名: |
日企商务礼仪实例
|
|
| 作者: | 佐井智勇 编著 | |
| 分册: | ||
| 出版信息: | 上海 上海世界图书出版公司 2004.01 |
|
| 页数: | 207页 | |
| 开本: | 23cm | |
| 丛书名: | ||
| 单 册: | ||
| 中图分类: | H369.4:F | |
| 科图分类: | ||
| 主题词: | 日语--ri yu--汉语--对照读物 , 商务--shang wu--礼仪--基本知识 | |
| 电子资源: | ||
| ISBN: | 7-5062-6198-7 | |
| 000 | 00851nam0 2200241 450 | |
| 001 | 012006670562 | |
| 005 | 20061018161303.81 | |
| 010 | @a7-5062-6198-7@dCNY25.00 | |
| 100 | @a20060921d2004 km y0chiy0120 ea | |
| 101 | 0 | @achi@ajpn |
| 102 | @aCN@b310000 | |
| 105 | @aa z 000yy | |
| 200 | 1 | @a日企商务礼仪实例@Ari qi shang wu li yi shi li@f(日) 佐井智勇编著@F(ri)zuo jing zhi yong bian zhu |
| 210 | @a上海@c上海世界图书出版公司@d2004.01 | |
| 215 | @a207页@c图@d23cm | |
| 300 | @a日汉对照 | |
| 330 | @a本书详细介绍了日本企业中的商务礼仪,涉及在求职、就职过程中应遵守的各种礼仪规范,谈吐的注意事项,以及各种礼仪细节等内容。 | |
| 606 | 0 | @a日语@Ari yu@x汉语@j对照读物 |
| 606 | 0 | @a商务@Ashang wu@x礼仪@x基本知识 |
| 690 | @aH369.4:F@v4 | |
| 701 | 0 | @a佐井智勇@Azuo jing zhi yong@4编著 |
| 801 | 0 | @aCN@c20061018 |
| 905 | @a10447@dH369.4:F@eZ993 | |
| 日企商务礼仪实例/(日) 佐井智勇编著.-上海:上海世界图书出版公司,2004.01 |
| 207页:图;23cm |
| 日汉对照 |
| ISBN 7-5062-6198-7:CNY25.00 |
| 本书详细介绍了日本企业中的商务礼仪,涉及在求职、就职过程中应遵守的各种礼仪规范,谈吐的注意事项,以及各种礼仪细节等内容。 |
| ● |
| 相关链接 |
|
|
|
正题名:日企商务礼仪实例
索取号:H369.4:F/Z993
 
预约/预借
| 序号 | 登录号 | 条形码 | 馆藏地/架位号 | 状态 | 备注 |
| 1 | 222437 | 202224379 | 语言库209/209语言库 131排2列5层/ [索取号:H369.4:F/Z993] | 在馆 | |
| 2 | 222438 | 202224388 | 语言库209/209语言库 131排2列5层/ [索取号:H369.4:F/Z993] | 在馆 | |
| 3 | 222439 | 202224397 | 语言库209/209语言库 131排2列5层/ [索取号:H369.4:F/Z993] | 在馆 |